00759nam a2200253 a 4500001001300000003000900013005001700022008004100039020001000080082001300090100001700103245007600120260003600196300000900232500003500241505001000276650001900286650002700305700001700332902000800349942000700357952012600364999001500490nice12345678IN_TiNIC20260116013033.0050524s1969 lona grp 000 0 eng  ac10000a224bSCO aScott, R B Y aRelevance of Prophetsb an Introduction to the Old Testament Prophets & aLondonbMacmillan and Co.c1969 a248p aincludes index and biblioraphy2 aIndex aBible-Prophets aProphets-Old Testament1 aScott, R B Y bSRS cBK 001040708StackRoom-aHMIbHMId2007-06-19g100.00l1o224 SCOp014757r2023-07-21s2023-07-05v100.00w2005-05-24yBK c9377d9377